| 000 | 00848nam a2200241Ia 4500 | ||
|---|---|---|---|
| 003 | OSt | ||
| 005 | 20220925222317.0 | ||
| 006 | a|||||r|||| 00| 0 | ||
| 007 | ta | ||
| 008 | 220923b |||||||| |||| 00| 0 ger d | ||
| 020 |
_a9781137433312 _c3970.64 |
||
| 037 |
_b109965, 08/03/2017, International Book Distrobutors _cGeneral Book |
||
| 040 |
_aRTL _cRTL _bger |
||
| 041 |
_2ger _ager |
||
| 082 | _aX:97.41, Q6 | ||
| 100 |
_aLIU Mingwei _9287534 |
||
| 245 | 0 |
_aChina at work _b A labour process perspective on the transformation of work and employment in China |
|
| 260 |
_aLondon _bPalgrave Macmillan _c2016 |
||
| 300 |
_axix,399p _ccm. |
||
| 700 |
_a SMITH Chris _9285182 |
||
| 942 |
_hX:97.41, Q6 _cGB _2CC |
||
| 999 |
_c576668 _d576668 |
||